00931nam a22002657a 45000010005000000030006000050050017000110080041000280200018000690400029000870500013001160820012001291000018001412450115001592600044002743000049003184900064003675050008004315200035004395210020004745210020004946500052005146500066005667000033006325525FISKH20250324135551.0241216b cb ||||| |||| 00| 0 eng d a9780531213346 aFISKHbengcFISKHdFISKH aRD27.D74 a617.092 aVenezia, Mike aCharles Drew :bdoctor who got the world pumped up to donate blood / cWritten and illustrated by Mike Venezia aNew York : bChildren's Press ;c2009.  a32 pages : bcolor illustrations ;c25 cm .  aGetting to know the world's greatest inventors & scientists aZ  aBiography of Dr. Charles Drew.8 a940 bLexile 8 aZ bRaz-Plus  aDrew, Charles , 1904-1950vJuvenile literature  aAfrican- American- Surgeons - BiographyvJuvenile literature  aVenezia, Mike eillustrator